<?xml version="1.0" encoding="UTF-8"?>
<record
    xmlns:xsi="http://www.w3.org/2001/XMLSchema-instance"
    xsi:schemaLocation="http://www.loc.gov/MARC21/slim http://www.loc.gov/standards/marcxml/schema/MARC21slim.xsd"
    xmlns="http://www.loc.gov/MARC21/slim">

  <leader>00487nam a22001697a 4500</leader>
  <controlfield tag="005">20260303124100.0</controlfield>
  <controlfield tag="008">260303b        |||||||| |||| 00| 0 eng d</controlfield>
  <datafield tag="020" ind1=" " ind2=" ">
    <subfield code="a">978-9914-51-182-6</subfield>
  </datafield>
  <datafield tag="050" ind1=" " ind2=" ">
    <subfield code="a">S 535 .B75 2025</subfield>
  </datafield>
  <datafield tag="100" ind1=" " ind2=" ">
    <subfield code="a">AUMA, BRIAN</subfield>
  </datafield>
  <datafield tag="245" ind1=" " ind2=" ">
    <subfield code="a">BOOKLYST MASTER AGRICULTURE GRADE 10</subfield>
  </datafield>
  <datafield tag="260" ind1=" " ind2=" ">
    <subfield code="a">NAIROBI,</subfield>
    <subfield code="b">BOOKLYST PRESS LIMITED.</subfield>
    <subfield code="c">2025.</subfield>
  </datafield>
  <datafield tag="300" ind1=" " ind2=" ">
    <subfield code="a">236P, ILL</subfield>
  </datafield>
  <datafield tag="650" ind1=" " ind2=" ">
    <subfield code="a">AGRICULTURE- STUDY AND TEACHING SECONDARY</subfield>
  </datafield>
  <datafield tag="700" ind1=" " ind2=" ">
    <subfield code="a">OTIENO, BYRON HENRY</subfield>
  </datafield>
  <datafield tag="942" ind1=" " ind2=" ">
    <subfield code="2">lcc</subfield>
    <subfield code="c">BK</subfield>
  </datafield>
  <datafield tag="999" ind1=" " ind2=" ">
    <subfield code="c">216765</subfield>
    <subfield code="d">216765</subfield>
  </datafield>
  <datafield tag="952" ind1=" " ind2=" ">
    <subfield code="0">0</subfield>
    <subfield code="1">0</subfield>
    <subfield code="2">lcc</subfield>
    <subfield code="4">0</subfield>
    <subfield code="6">S0535 B75  02025</subfield>
    <subfield code="7">0</subfield>
    <subfield code="8">SCT</subfield>
    <subfield code="9">376041</subfield>
    <subfield code="a">KSUL</subfield>
    <subfield code="b">KSUL</subfield>
    <subfield code="c">DISPLAY</subfield>
    <subfield code="d">2026-03-03</subfield>
    <subfield code="i">112337</subfield>
    <subfield code="l">1</subfield>
    <subfield code="o">S 535 .B75 2025</subfield>
    <subfield code="p">000000024313</subfield>
    <subfield code="r">2026-04-08 11:14:53</subfield>
    <subfield code="s">2026-03-29</subfield>
    <subfield code="t">1</subfield>
    <subfield code="w">2026-03-03</subfield>
    <subfield code="y">BK</subfield>
  </datafield>
  <datafield tag="952" ind1=" " ind2=" ">
    <subfield code="0">0</subfield>
    <subfield code="1">0</subfield>
    <subfield code="2">lcc</subfield>
    <subfield code="4">0</subfield>
    <subfield code="6">S0535 B75  02025</subfield>
    <subfield code="7">0</subfield>
    <subfield code="8">SCT</subfield>
    <subfield code="9">376044</subfield>
    <subfield code="a">KSUL</subfield>
    <subfield code="b">KSUL</subfield>
    <subfield code="c">DISPLAY</subfield>
    <subfield code="d">2026-03-03</subfield>
    <subfield code="i">112338</subfield>
    <subfield code="l">0</subfield>
    <subfield code="o">S 535 .B75 2025</subfield>
    <subfield code="p">000000016415</subfield>
    <subfield code="r">2026-03-03 12:43:00</subfield>
    <subfield code="t">2</subfield>
    <subfield code="w">2026-03-03</subfield>
    <subfield code="y">BK</subfield>
  </datafield>
  <datafield tag="952" ind1=" " ind2=" ">
    <subfield code="0">0</subfield>
    <subfield code="1">0</subfield>
    <subfield code="2">lcc</subfield>
    <subfield code="4">0</subfield>
    <subfield code="6">S0535 B75  02025</subfield>
    <subfield code="7">0</subfield>
    <subfield code="8">SCT</subfield>
    <subfield code="9">376045</subfield>
    <subfield code="a">KSUL</subfield>
    <subfield code="b">KSUL</subfield>
    <subfield code="c">DISPLAY</subfield>
    <subfield code="d">2026-03-03</subfield>
    <subfield code="i">112339</subfield>
    <subfield code="l">0</subfield>
    <subfield code="o">S 535 .B75 2025</subfield>
    <subfield code="p">000000016414</subfield>
    <subfield code="r">2026-03-03 12:43:00</subfield>
    <subfield code="t">3</subfield>
    <subfield code="w">2026-03-03</subfield>
    <subfield code="y">BK</subfield>
  </datafield>
  <datafield tag="952" ind1=" " ind2=" ">
    <subfield code="0">0</subfield>
    <subfield code="1">0</subfield>
    <subfield code="2">lcc</subfield>
    <subfield code="4">0</subfield>
    <subfield code="6">S0535 B75  02025</subfield>
    <subfield code="7">0</subfield>
    <subfield code="8">SCT</subfield>
    <subfield code="9">376046</subfield>
    <subfield code="a">KSUL</subfield>
    <subfield code="b">KSUL</subfield>
    <subfield code="c">DISPLAY</subfield>
    <subfield code="d">2026-03-03</subfield>
    <subfield code="i">112340</subfield>
    <subfield code="l">1</subfield>
    <subfield code="o">S 535 .B75 2025</subfield>
    <subfield code="p">000000017410</subfield>
    <subfield code="r">2026-04-17 12:58:00</subfield>
    <subfield code="s">2026-03-30</subfield>
    <subfield code="t">4</subfield>
    <subfield code="w">2026-03-03</subfield>
    <subfield code="y">BK</subfield>
  </datafield>
  <datafield tag="952" ind1=" " ind2=" ">
    <subfield code="0">0</subfield>
    <subfield code="1">0</subfield>
    <subfield code="2">lcc</subfield>
    <subfield code="4">0</subfield>
    <subfield code="6">S0535 B75  02025</subfield>
    <subfield code="7">0</subfield>
    <subfield code="8">SCT</subfield>
    <subfield code="9">376047</subfield>
    <subfield code="a">KSUL</subfield>
    <subfield code="b">KSUL</subfield>
    <subfield code="c">DISPLAY</subfield>
    <subfield code="d">2026-03-03</subfield>
    <subfield code="i">112341</subfield>
    <subfield code="l">0</subfield>
    <subfield code="o">S 535 .B75 2025</subfield>
    <subfield code="p">000000017318</subfield>
    <subfield code="r">2026-03-03 12:43:00</subfield>
    <subfield code="t">5</subfield>
    <subfield code="w">2026-03-03</subfield>
    <subfield code="y">BK</subfield>
  </datafield>
</record>
